<?xml version="1.0" encoding="UTF-8"?>
<record
    xmlns:xsi="http://www.w3.org/2001/XMLSchema-instance"
    xsi:schemaLocation="http://www.loc.gov/MARC21/slim http://www.loc.gov/standards/marcxml/schema/MARC21slim.xsd"
    xmlns="http://www.loc.gov/MARC21/slim">

  <leader>     nam a22     7a 4500</leader>
  <datafield tag="999" ind1=" " ind2=" ">
    <subfield code="c">140810</subfield>
    <subfield code="d">140808</subfield>
  </datafield>
  <controlfield tag="005">20190502082432.0</controlfield>
  <controlfield tag="008">180514b        sp ||||| |||| 00| 0 spa d</controlfield>
  <datafield tag="020" ind1=" " ind2=" ">
    <subfield code="a">8423126935 [V.2]</subfield>
  </datafield>
  <datafield tag="020" ind1=" " ind2=" ">
    <subfield code="a">8423127028 [V.4]</subfield>
  </datafield>
  <datafield tag="020" ind1=" " ind2=" ">
    <subfield code="a">8423126854 [V.6]</subfield>
  </datafield>
  <datafield tag="020" ind1=" " ind2=" ">
    <subfield code="a">8423126986 [V.8]</subfield>
  </datafield>
  <datafield tag="020" ind1=" " ind2=" ">
    <subfield code="a">8423126870 [V.10]</subfield>
  </datafield>
  <datafield tag="020" ind1=" " ind2=" ">
    <subfield code="a">8423126862 [V.12]</subfield>
  </datafield>
  <datafield tag="020" ind1=" " ind2=" ">
    <subfield code="a">8423127036 [V.14]</subfield>
  </datafield>
  <datafield tag="020" ind1=" " ind2=" ">
    <subfield code="a">8423126978 [V.16]</subfield>
  </datafield>
  <datafield tag="020" ind1=" " ind2=" ">
    <subfield code="a">8423126951 [V.18]</subfield>
  </datafield>
  <datafield tag="020" ind1=" " ind2=" ">
    <subfield code="a">8423126900 [V.20]</subfield>
  </datafield>
  <datafield tag="020" ind1=" " ind2=" ">
    <subfield code="a">8423127095 [V.22]</subfield>
  </datafield>
  <datafield tag="020" ind1=" " ind2=" ">
    <subfield code="a">842312696X [V.24]</subfield>
  </datafield>
  <datafield tag="020" ind1=" " ind2=" ">
    <subfield code="a">8423126897 [V.26]</subfield>
  </datafield>
  <datafield tag="020" ind1=" " ind2=" ">
    <subfield code="a">8423126927 [V.28]</subfield>
  </datafield>
  <datafield tag="020" ind1=" " ind2=" ">
    <subfield code="a">8423128846 [V.30]</subfield>
  </datafield>
  <datafield tag="020" ind1=" " ind2=" ">
    <subfield code="a">8423126838 [V.32]</subfield>
  </datafield>
  <datafield tag="020" ind1=" " ind2=" ">
    <subfield code="a">8423126919 [V.34]</subfield>
  </datafield>
  <datafield tag="050" ind1="0" ind2="4">
    <subfield code="a">ML2110</subfield>
    <subfield code="b">I58 1981</subfield>
  </datafield>
  <datafield tag="245" ind1="0" ind2="0">
    <subfield code="a">Introducci&#xF3;n al mundo de la &#xF3;pera</subfield>
    <subfield code="c">/ libreto Antonio Somma...[et al.] ; m&#xFA;sica Giuseppe Verdi...[et al.] ; traducci&#xF3;n Isidre Bravo... [et. al.].</subfield>
  </datafield>
  <datafield tag="250" ind1=" " ind2=" ">
    <subfield code="a">1a ed.</subfield>
  </datafield>
  <datafield tag="260" ind1=" " ind2=" ">
    <subfield code="a">Barcelona, Espa&#xF1;a :</subfield>
    <subfield code="b">Ediciones Daimon,</subfield>
    <subfield code="c">1981</subfield>
  </datafield>
  <datafield tag="300" ind1=" " ind2=" ">
    <subfield code="a">v. :</subfield>
    <subfield code="b">il. ;</subfield>
    <subfield code="c">18 cm.</subfield>
  </datafield>
  <datafield tag="490" ind1="0" ind2=" ">
    <subfield code="a">Introducci&#xF3;n al Mundo de la &#xD3;pera</subfield>
  </datafield>
  <datafield tag="504" ind1=" " ind2=" ">
    <subfield code="a">Incluye bibliografia e &#xED;ndice</subfield>
  </datafield>
  <datafield tag="505" ind1="1" ind2=" ">
    <subfield code="t">[V. 2] Un ballo in Maschera</subfield>
    <subfield code="r"> / libreto de Antonio Somma ; m&#xFA;sica de Giuseppe Verdi ; traducci&#xF3;n Isidre Bravo.</subfield>
    <subfield code="t">[V. 4] Il barbiere di Siviglia</subfield>
    <subfield code="r"> / libreto Cesare Sterbini ; m&#xFA;sica de Gioacchino Rossini ; traducci&#xF3;n Roger Alier.</subfield>
    <subfield code="t">[V. 6] La Boh&#xE8;me</subfield>
    <subfield code="r"> / libreto Giuseppe Giacosa y Luigi Illica; traducci&#xF3;n Roger Alier.</subfield>
    <subfield code="t">[V. 8] Carmen</subfield>
    <subfield code="r"> / libreto Ludovic Hal&#xE9;vy y Henri Meilhac ; m&#xFA;sica de Georges Bizet ; traducci&#xF3;n Blas Cort&#xE9;s.</subfield>
    <subfield code="t">[V. 10] Don Carlo</subfield>
    <subfield code="r"> / libreto de Joseph M&#xE9;ry y Camille du Locle ; traducci&#xF3;n Roger Alier.</subfield>
    <subfield code="t">[V. 12] Don Giovanni</subfield>
    <subfield code="r"> / Libreto Lorenzo Da Ponte ; m&#xFA;sica Wolfgang A. Mozart ; traducci&#xF3;n Xavier Pujol.</subfield>
    <subfield code="t">[V. 14] Elektra </subfield>
    <subfield code="r">/ Libreto Hugo Von Hofmannsthal ; m&#xFA;sica Richard Strauss ; traducci&#xF3;n Jes&#xFA;s Dini Marroquin.</subfield>
    <subfield code="t">[V. 16] L'elisir d'amore</subfield>
    <subfield code="r"> / libreto Felice Romani ; m&#xFA;sica de Gaetano Donizetti ; traducci&#xF3;n Xos&#xE9; Avi&#xF1;oa.</subfield>
    <subfield code="t">[V. 18] La favorita</subfield>
    <subfield code="r"> / libreto Francesco Janetti y Calisto Bassi ;  m&#xFA;sica Gaetano Donizetti; traducci&#xF3;n Xos&#xE9; Avi&#xF1;oa.</subfield>
    <subfield code="t">[V. 20] Los Maestros cantores de Nuremberg </subfield>
    <subfield code="r"> / Libreto Richard Wagner ;  traducci&#xF3;n Angel F. Mayo.</subfield>
    <subfield code="t">[V. 22] Norma</subfield>
    <subfield code="r"> / libreto Felice Romani ; m&#xFA;sica Vincenzo Bellini; traducci&#xF3;n Gonzalo Badenes Maso.</subfield>
    <subfield code="t">[V. 24] Le nozze di Figaro</subfield>
    <subfield code="r"> / Libreto Lorenzo Da Ponte ; m&#xFA;sica Wolfgang A. Mozart ; traducci&#xF3;n Blas Cort&#xE9;s.</subfield>
    <subfield code="t">[V. 26] El rapto en el serrallo</subfield>
    <subfield code="r"> / Libreto Gottlieb Stephanie El Joven ; traducci&#xF3;n Roger Alier.</subfield>
    <subfield code="t">[V. 28] Salom&#xE9;</subfield>
    <subfield code="r"> / Libreto Oscar Wilde ; traducci&#xF3;n Gonzalo Badenes Mas&#xF3;.</subfield>
    <subfield code="t">[V. 30] Tosca</subfield>
    <subfield code="r"> / Libreto Giuseppe Giacosa y Luigi Illica ; traducci&#xF3;n Roger Alier.</subfield>
    <subfield code="t">[V. 32] La Traviata</subfield>
    <subfield code="r"> / Libreto F. M. Piave ; traducci&#xF3;n Roger Alier.</subfield>
    <subfield code="t">[V. 34] Turandot</subfield>
    <subfield code="r"> / libreto Giuseppe Adami y Renato Simoni ; m&#xFA;sica Giacomo  Puccini ; traducci&#xF3;n Francesc Fontbona de Vallescar.</subfield>
  </datafield>
  <datafield tag="650" ind1=" " ind2="7">
    <subfield code="2">lemb</subfield>
    <subfield code="a">&#xD3;pera</subfield>
    <subfield code="v">Antolog&#xED;as</subfield>
  </datafield>
  <datafield tag="700" ind1="1" ind2=" ">
    <subfield code="a">Somma, Antonio</subfield>
    <subfield code="e">libretista</subfield>
  </datafield>
  <datafield tag="700" ind1="1" ind2=" ">
    <subfield code="a">Sterbini, Cesare </subfield>
    <subfield code="e">libretista</subfield>
  </datafield>
  <datafield tag="700" ind1="1" ind2=" ">
    <subfield code="a">Giacosa, Giuseppe </subfield>
    <subfield code="e">libretista</subfield>
  </datafield>
  <datafield tag="700" ind1="1" ind2=" ">
    <subfield code="a">Verdi, Giuseppe</subfield>
    <subfield code="e">m&#xFA;sico</subfield>
  </datafield>
  <datafield tag="700" ind1="1" ind2=" ">
    <subfield code="a">Rossini, Gioacchino </subfield>
    <subfield code="e">m&#xFA;sico</subfield>
  </datafield>
  <datafield tag="700" ind1="1" ind2=" ">
    <subfield code="a">Bizet, Georges </subfield>
    <subfield code="e">m&#xFA;sico</subfield>
  </datafield>
  <datafield tag="700" ind1="1" ind2=" ">
    <subfield code="a">Bravo, Isidre</subfield>
    <subfield code="e">traductor</subfield>
  </datafield>
  <datafield tag="700" ind1="1" ind2=" ">
    <subfield code="a">Alier, Roger</subfield>
    <subfield code="e">traductor</subfield>
  </datafield>
  <datafield tag="700" ind1="1" ind2=" ">
    <subfield code="a">Cort&#xE9;s, Blas</subfield>
    <subfield code="e">traductor</subfield>
  </datafield>
  <datafield tag="942" ind1=" " ind2=" ">
    <subfield code="2">lcc</subfield>
    <subfield code="c">LIB</subfield>
  </datafield>
  <datafield tag="952" ind1=" " ind2=" ">
    <subfield code="1">0</subfield>
    <subfield code="2">lcc</subfield>
    <subfield code="4">0</subfield>
    <subfield code="7">0</subfield>
    <subfield code="a">LIC-037</subfield>
    <subfield code="b">LIC-037</subfield>
    <subfield code="c">GENERAL</subfield>
    <subfield code="d">2018-05-14</subfield>
    <subfield code="f">1a ed.</subfield>
    <subfield code="h">[V:8]</subfield>
    <subfield code="k">EH</subfield>
    <subfield code="o">ML2110 I58 1983</subfield>
    <subfield code="p">BBA000002220</subfield>
    <subfield code="r">2018-05-14 00:00:00</subfield>
    <subfield code="t">1</subfield>
    <subfield code="y">LIB</subfield>
  </datafield>
  <datafield tag="952" ind1=" " ind2=" ">
    <subfield code="1">0</subfield>
    <subfield code="2">lcc</subfield>
    <subfield code="4">0</subfield>
    <subfield code="7">0</subfield>
    <subfield code="a">LIC-037</subfield>
    <subfield code="b">LIC-037</subfield>
    <subfield code="c">GENERAL</subfield>
    <subfield code="d">2018-05-14</subfield>
    <subfield code="e">DON</subfield>
    <subfield code="f">1a ed.</subfield>
    <subfield code="h">[V:10]</subfield>
    <subfield code="k">EH</subfield>
    <subfield code="o">ML2110 I58 1983</subfield>
    <subfield code="p">BBA000002221</subfield>
    <subfield code="r">2018-05-14 00:00:00</subfield>
    <subfield code="t">1</subfield>
    <subfield code="y">LIB</subfield>
  </datafield>
  <datafield tag="952" ind1=" " ind2=" ">
    <subfield code="1">0</subfield>
    <subfield code="2">lcc</subfield>
    <subfield code="4">0</subfield>
    <subfield code="7">0</subfield>
    <subfield code="a">LIC-037</subfield>
    <subfield code="b">LIC-037</subfield>
    <subfield code="c">GENERAL</subfield>
    <subfield code="d">2018-05-14</subfield>
    <subfield code="f">1a ed.</subfield>
    <subfield code="h">[V:10]</subfield>
    <subfield code="k">EH</subfield>
    <subfield code="o">ML2110 I58 1983</subfield>
    <subfield code="p">BBA000002222</subfield>
    <subfield code="r">2018-05-14 00:00:00</subfield>
    <subfield code="t">2</subfield>
    <subfield code="y">LIB</subfield>
  </datafield>
  <datafield tag="952" ind1=" " ind2=" ">
    <subfield code="1">0</subfield>
    <subfield code="2">lcc</subfield>
    <subfield code="4">0</subfield>
    <subfield code="7">0</subfield>
    <subfield code="a">LIC-037</subfield>
    <subfield code="b">LIC-037</subfield>
    <subfield code="c">GENERAL</subfield>
    <subfield code="d">2018-05-14</subfield>
    <subfield code="f">1a ed.</subfield>
    <subfield code="h">[V:10]</subfield>
    <subfield code="k">EH</subfield>
    <subfield code="o">ML2110 I58 1983</subfield>
    <subfield code="p">BBA000002223</subfield>
    <subfield code="r">2018-05-14 00:00:00</subfield>
    <subfield code="t">3</subfield>
    <subfield code="y">LIB</subfield>
  </datafield>
  <datafield tag="952" ind1=" " ind2=" ">
    <subfield code="1">0</subfield>
    <subfield code="2">lcc</subfield>
    <subfield code="4">0</subfield>
    <subfield code="7">0</subfield>
    <subfield code="a">LIC-037</subfield>
    <subfield code="b">LIC-037</subfield>
    <subfield code="c">GENERAL</subfield>
    <subfield code="d">2018-05-14</subfield>
    <subfield code="e">DON</subfield>
    <subfield code="f">1a ed.</subfield>
    <subfield code="h">[V:26]</subfield>
    <subfield code="k">EH</subfield>
    <subfield code="o">ML2110 I58 1982</subfield>
    <subfield code="p">BBA000002224</subfield>
    <subfield code="r">2018-05-14 00:00:00</subfield>
    <subfield code="t">1</subfield>
    <subfield code="y">LIB</subfield>
  </datafield>
  <datafield tag="952" ind1=" " ind2=" ">
    <subfield code="1">0</subfield>
    <subfield code="2">lcc</subfield>
    <subfield code="4">0</subfield>
    <subfield code="7">0</subfield>
    <subfield code="a">LIC-037</subfield>
    <subfield code="b">LIC-037</subfield>
    <subfield code="c">GENERAL</subfield>
    <subfield code="d">2018-05-14</subfield>
    <subfield code="f">1a ed.</subfield>
    <subfield code="h">[V:26]</subfield>
    <subfield code="k">EH</subfield>
    <subfield code="o">ML2110 I58 1982</subfield>
    <subfield code="p">BBA000002225</subfield>
    <subfield code="r">2018-05-14 00:00:00</subfield>
    <subfield code="t">2</subfield>
    <subfield code="y">LIB</subfield>
  </datafield>
  <datafield tag="952" ind1=" " ind2=" ">
    <subfield code="1">0</subfield>
    <subfield code="2">lcc</subfield>
    <subfield code="4">0</subfield>
    <subfield code="7">0</subfield>
    <subfield code="a">LIC-037</subfield>
    <subfield code="b">LIC-037</subfield>
    <subfield code="c">GENERAL</subfield>
    <subfield code="d">2018-05-14</subfield>
    <subfield code="e">DON</subfield>
    <subfield code="f">1a ed.</subfield>
    <subfield code="h">[V:26]</subfield>
    <subfield code="k">EH</subfield>
    <subfield code="o">ML2110 I58 1983</subfield>
    <subfield code="p">BBA000002226</subfield>
    <subfield code="r">2018-05-14 00:00:00</subfield>
    <subfield code="t">3</subfield>
    <subfield code="y">LIB</subfield>
  </datafield>
  <datafield tag="952" ind1=" " ind2=" ">
    <subfield code="1">0</subfield>
    <subfield code="2">lcc</subfield>
    <subfield code="4">0</subfield>
    <subfield code="7">0</subfield>
    <subfield code="a">LIC-037</subfield>
    <subfield code="b">LIC-037</subfield>
    <subfield code="c">GENERAL</subfield>
    <subfield code="d">2018-05-14</subfield>
    <subfield code="e">DON</subfield>
    <subfield code="f">1a ed.</subfield>
    <subfield code="h">[V.:4]</subfield>
    <subfield code="k">EH</subfield>
    <subfield code="o">ML2110 I58 1983</subfield>
    <subfield code="p">BBA000002227</subfield>
    <subfield code="r">2018-05-14 00:00:00</subfield>
    <subfield code="t">1</subfield>
    <subfield code="y">LIB</subfield>
  </datafield>
  <datafield tag="952" ind1=" " ind2=" ">
    <subfield code="1">0</subfield>
    <subfield code="2">lcc</subfield>
    <subfield code="4">0</subfield>
    <subfield code="7">0</subfield>
    <subfield code="a">LIC-037</subfield>
    <subfield code="b">LIC-037</subfield>
    <subfield code="c">GENERAL</subfield>
    <subfield code="d">2018-05-14</subfield>
    <subfield code="f">1a ed.</subfield>
    <subfield code="h">[V:4]</subfield>
    <subfield code="k">EH</subfield>
    <subfield code="o">ML2110 I58 1983</subfield>
    <subfield code="p">BBA000002228</subfield>
    <subfield code="r">2018-05-14 00:00:00</subfield>
    <subfield code="t">2</subfield>
    <subfield code="y">LIB</subfield>
  </datafield>
  <datafield tag="952" ind1=" " ind2=" ">
    <subfield code="1">0</subfield>
    <subfield code="2">lcc</subfield>
    <subfield code="4">0</subfield>
    <subfield code="7">0</subfield>
    <subfield code="a">LIC-037</subfield>
    <subfield code="b">LIC-037</subfield>
    <subfield code="c">GENERAL</subfield>
    <subfield code="d">2018-05-14</subfield>
    <subfield code="e">DON</subfield>
    <subfield code="f">1a ed.</subfield>
    <subfield code="h">[V:6]</subfield>
    <subfield code="k">EH</subfield>
    <subfield code="o">ML2110 I58 1981</subfield>
    <subfield code="p">BBA000002230</subfield>
    <subfield code="r">2018-05-14 00:00:00</subfield>
    <subfield code="t">1</subfield>
    <subfield code="y">LIB</subfield>
  </datafield>
  <datafield tag="952" ind1=" " ind2=" ">
    <subfield code="1">0</subfield>
    <subfield code="2">lcc</subfield>
    <subfield code="4">0</subfield>
    <subfield code="7">0</subfield>
    <subfield code="a">LIC-037</subfield>
    <subfield code="b">LIC-037</subfield>
    <subfield code="c">GENERAL</subfield>
    <subfield code="d">2018-05-14</subfield>
    <subfield code="f">1a ed.</subfield>
    <subfield code="h">[V. 14]</subfield>
    <subfield code="k">EH</subfield>
    <subfield code="o">ML2110 I58 1984</subfield>
    <subfield code="p">BBA000002231</subfield>
    <subfield code="r">2018-05-14 00:00:00</subfield>
    <subfield code="t">1</subfield>
    <subfield code="y">LIB</subfield>
  </datafield>
  <datafield tag="952" ind1=" " ind2=" ">
    <subfield code="1">0</subfield>
    <subfield code="2">lcc</subfield>
    <subfield code="4">0</subfield>
    <subfield code="7">0</subfield>
    <subfield code="a">LIC-037</subfield>
    <subfield code="b">LIC-037</subfield>
    <subfield code="c">GENERAL</subfield>
    <subfield code="d">2018-05-14</subfield>
    <subfield code="f">1a ed.</subfield>
    <subfield code="h">[V:18]</subfield>
    <subfield code="k">EH</subfield>
    <subfield code="o">ML2110 I58 1982</subfield>
    <subfield code="p">BBA000002232</subfield>
    <subfield code="r">2018-05-14 00:00:00</subfield>
    <subfield code="t">1</subfield>
    <subfield code="y">LIB</subfield>
  </datafield>
  <datafield tag="952" ind1=" " ind2=" ">
    <subfield code="1">0</subfield>
    <subfield code="2">lcc</subfield>
    <subfield code="4">0</subfield>
    <subfield code="7">0</subfield>
    <subfield code="a">LIC-037</subfield>
    <subfield code="b">LIC-037</subfield>
    <subfield code="c">GENERAL</subfield>
    <subfield code="d">2018-05-14</subfield>
    <subfield code="e">DON</subfield>
    <subfield code="f">1a ed.</subfield>
    <subfield code="h">[V:32]</subfield>
    <subfield code="k">EH</subfield>
    <subfield code="o">ML2110 I58 1981</subfield>
    <subfield code="p">BBA000002233</subfield>
    <subfield code="r">2018-05-14 00:00:00</subfield>
    <subfield code="t">1</subfield>
    <subfield code="y">LIB</subfield>
  </datafield>
  <datafield tag="952" ind1=" " ind2=" ">
    <subfield code="1">0</subfield>
    <subfield code="2">lcc</subfield>
    <subfield code="4">0</subfield>
    <subfield code="7">0</subfield>
    <subfield code="a">LIC-037</subfield>
    <subfield code="b">LIC-037</subfield>
    <subfield code="c">GENERAL</subfield>
    <subfield code="d">2018-05-14</subfield>
    <subfield code="f">1a ed.</subfield>
    <subfield code="h">[V:32]</subfield>
    <subfield code="k">EH</subfield>
    <subfield code="o">ML2110 I58 1981</subfield>
    <subfield code="p">BBA000002234</subfield>
    <subfield code="r">2018-05-14 00:00:00</subfield>
    <subfield code="t">2</subfield>
    <subfield code="y">LIB</subfield>
  </datafield>
  <datafield tag="952" ind1=" " ind2=" ">
    <subfield code="1">0</subfield>
    <subfield code="2">lcc</subfield>
    <subfield code="4">0</subfield>
    <subfield code="7">0</subfield>
    <subfield code="a">LIC-037</subfield>
    <subfield code="b">LIC-037</subfield>
    <subfield code="c">GENERAL</subfield>
    <subfield code="d">2018-05-14</subfield>
    <subfield code="f">1a ed.</subfield>
    <subfield code="h">[V:32]</subfield>
    <subfield code="k">EH</subfield>
    <subfield code="o">ML2110 I58 1981</subfield>
    <subfield code="p">BBA000002235</subfield>
    <subfield code="r">2018-05-14 00:00:00</subfield>
    <subfield code="t">3</subfield>
    <subfield code="y">LIB</subfield>
  </datafield>
  <datafield tag="952" ind1=" " ind2=" ">
    <subfield code="1">0</subfield>
    <subfield code="2">lcc</subfield>
    <subfield code="4">0</subfield>
    <subfield code="7">0</subfield>
    <subfield code="a">LIC-037</subfield>
    <subfield code="b">LIC-037</subfield>
    <subfield code="c">GENERAL</subfield>
    <subfield code="d">2018-05-14</subfield>
    <subfield code="e">DON</subfield>
    <subfield code="f">1a ed.</subfield>
    <subfield code="h">[V:16]</subfield>
    <subfield code="k">EH</subfield>
    <subfield code="o">ML2110 I58 1983</subfield>
    <subfield code="p">BBA000002236</subfield>
    <subfield code="r">2018-05-14 00:00:00</subfield>
    <subfield code="t">1</subfield>
    <subfield code="y">LIB</subfield>
  </datafield>
  <datafield tag="952" ind1=" " ind2=" ">
    <subfield code="1">0</subfield>
    <subfield code="2">lcc</subfield>
    <subfield code="4">0</subfield>
    <subfield code="7">0</subfield>
    <subfield code="a">LIC-037</subfield>
    <subfield code="b">LIC-037</subfield>
    <subfield code="c">GENERAL</subfield>
    <subfield code="d">2018-05-14</subfield>
    <subfield code="f">1a ed.</subfield>
    <subfield code="h">[V:16]</subfield>
    <subfield code="k">EH</subfield>
    <subfield code="o">ML2110 I58 1983</subfield>
    <subfield code="p">BBA000002237</subfield>
    <subfield code="r">2018-05-14 00:00:00</subfield>
    <subfield code="t">2</subfield>
    <subfield code="y">LIB</subfield>
  </datafield>
  <datafield tag="952" ind1=" " ind2=" ">
    <subfield code="1">0</subfield>
    <subfield code="2">lcc</subfield>
    <subfield code="4">0</subfield>
    <subfield code="7">0</subfield>
    <subfield code="a">LIC-037</subfield>
    <subfield code="b">LIC-037</subfield>
    <subfield code="c">GENERAL</subfield>
    <subfield code="d">2018-05-14</subfield>
    <subfield code="e">DON</subfield>
    <subfield code="f">1a ed.</subfield>
    <subfield code="h">[V:24]</subfield>
    <subfield code="k">EH</subfield>
    <subfield code="o">ML2110 I58 1982</subfield>
    <subfield code="p">BBA000002238</subfield>
    <subfield code="r">2018-05-14 00:00:00</subfield>
    <subfield code="t">1</subfield>
    <subfield code="y">LIB</subfield>
  </datafield>
  <datafield tag="952" ind1=" " ind2=" ">
    <subfield code="1">0</subfield>
    <subfield code="2">lcc</subfield>
    <subfield code="4">0</subfield>
    <subfield code="7">0</subfield>
    <subfield code="a">LIC-037</subfield>
    <subfield code="b">LIC-037</subfield>
    <subfield code="c">GENERAL</subfield>
    <subfield code="d">2018-05-14</subfield>
    <subfield code="f">1a ed.</subfield>
    <subfield code="h">[V:24]</subfield>
    <subfield code="k">EH</subfield>
    <subfield code="o">ML2110 I58 1982</subfield>
    <subfield code="p">BBA000002239</subfield>
    <subfield code="r">2018-05-14 00:00:00</subfield>
    <subfield code="t">2</subfield>
    <subfield code="y">LIB</subfield>
  </datafield>
  <datafield tag="952" ind1=" " ind2=" ">
    <subfield code="1">0</subfield>
    <subfield code="2">lcc</subfield>
    <subfield code="4">0</subfield>
    <subfield code="7">0</subfield>
    <subfield code="a">LIC-037</subfield>
    <subfield code="b">LIC-037</subfield>
    <subfield code="c">GENERAL</subfield>
    <subfield code="d">2018-05-14</subfield>
    <subfield code="f">1a ed.</subfield>
    <subfield code="h">[V:24]</subfield>
    <subfield code="k">EH</subfield>
    <subfield code="o">ML2110 I58 1982</subfield>
    <subfield code="p">BBA000002240</subfield>
    <subfield code="r">2018-05-14 00:00:00</subfield>
    <subfield code="t">3</subfield>
    <subfield code="y">LIB</subfield>
  </datafield>
  <datafield tag="952" ind1=" " ind2=" ">
    <subfield code="1">0</subfield>
    <subfield code="2">lcc</subfield>
    <subfield code="4">0</subfield>
    <subfield code="7">0</subfield>
    <subfield code="a">LIC-037</subfield>
    <subfield code="b">LIC-037</subfield>
    <subfield code="c">GENERAL</subfield>
    <subfield code="d">2018-05-14</subfield>
    <subfield code="e">DON</subfield>
    <subfield code="f">1a ed.</subfield>
    <subfield code="h">[V:20]</subfield>
    <subfield code="k">EH</subfield>
    <subfield code="o">ML2110 I58 1982</subfield>
    <subfield code="p">BBA000002241</subfield>
    <subfield code="r">2018-05-14 00:00:00</subfield>
    <subfield code="t">1</subfield>
    <subfield code="y">LIB</subfield>
  </datafield>
  <datafield tag="952" ind1=" " ind2=" ">
    <subfield code="1">0</subfield>
    <subfield code="2">lcc</subfield>
    <subfield code="4">0</subfield>
    <subfield code="7">0</subfield>
    <subfield code="a">LIC-037</subfield>
    <subfield code="b">LIC-037</subfield>
    <subfield code="c">GENERAL</subfield>
    <subfield code="d">2018-05-14</subfield>
    <subfield code="e">DON</subfield>
    <subfield code="f">1a ed.</subfield>
    <subfield code="h">[V:20]</subfield>
    <subfield code="k">EH</subfield>
    <subfield code="o">ML2110 I58 1982</subfield>
    <subfield code="p">BBA000002242</subfield>
    <subfield code="r">2018-05-14 00:00:00</subfield>
    <subfield code="t">2</subfield>
    <subfield code="y">LIB</subfield>
  </datafield>
  <datafield tag="952" ind1=" " ind2=" ">
    <subfield code="1">0</subfield>
    <subfield code="2">lcc</subfield>
    <subfield code="4">0</subfield>
    <subfield code="7">0</subfield>
    <subfield code="a">LIC-037</subfield>
    <subfield code="b">LIC-037</subfield>
    <subfield code="c">GENERAL</subfield>
    <subfield code="d">2018-05-14</subfield>
    <subfield code="f">1a ed.</subfield>
    <subfield code="h">[V:20]</subfield>
    <subfield code="k">EH</subfield>
    <subfield code="o">ML2110 I58 1982</subfield>
    <subfield code="p">BBA000002243</subfield>
    <subfield code="r">2018-05-14 00:00:00</subfield>
    <subfield code="t">3</subfield>
    <subfield code="y">LIB</subfield>
  </datafield>
  <datafield tag="952" ind1=" " ind2=" ">
    <subfield code="1">0</subfield>
    <subfield code="2">lcc</subfield>
    <subfield code="4">0</subfield>
    <subfield code="7">0</subfield>
    <subfield code="a">LIC-037</subfield>
    <subfield code="b">LIC-037</subfield>
    <subfield code="c">GENERAL</subfield>
    <subfield code="d">2018-05-14</subfield>
    <subfield code="e">DON</subfield>
    <subfield code="f">1a ed.</subfield>
    <subfield code="h">[V:22]</subfield>
    <subfield code="k">EH</subfield>
    <subfield code="o">ML2110 I58 1985</subfield>
    <subfield code="p">BBA000002244</subfield>
    <subfield code="r">2018-05-14 00:00:00</subfield>
    <subfield code="t">1</subfield>
    <subfield code="y">LIB</subfield>
  </datafield>
  <datafield tag="952" ind1=" " ind2=" ">
    <subfield code="1">0</subfield>
    <subfield code="2">lcc</subfield>
    <subfield code="4">0</subfield>
    <subfield code="7">0</subfield>
    <subfield code="a">LIC-037</subfield>
    <subfield code="b">LIC-037</subfield>
    <subfield code="c">GENERAL</subfield>
    <subfield code="d">2018-05-14</subfield>
    <subfield code="f">1a ed.</subfield>
    <subfield code="h">[V:28]</subfield>
    <subfield code="k">EH</subfield>
    <subfield code="o">ML2110 I58 1982</subfield>
    <subfield code="p">BBA000002245</subfield>
    <subfield code="r">2018-05-14 00:00:00</subfield>
    <subfield code="t">1</subfield>
    <subfield code="y">LIB</subfield>
  </datafield>
  <datafield tag="952" ind1=" " ind2=" ">
    <subfield code="1">0</subfield>
    <subfield code="2">lcc</subfield>
    <subfield code="4">0</subfield>
    <subfield code="7">0</subfield>
    <subfield code="a">LIC-037</subfield>
    <subfield code="b">LIC-037</subfield>
    <subfield code="c">GENERAL</subfield>
    <subfield code="d">2018-05-14</subfield>
    <subfield code="e">DON</subfield>
    <subfield code="f">1a ed.</subfield>
    <subfield code="h">[V:28]</subfield>
    <subfield code="k">EH</subfield>
    <subfield code="o">ML2110 I58 1982</subfield>
    <subfield code="p">BBA000002246</subfield>
    <subfield code="r">2018-05-14 00:00:00</subfield>
    <subfield code="t">2</subfield>
    <subfield code="y">LIB</subfield>
  </datafield>
  <datafield tag="952" ind1=" " ind2=" ">
    <subfield code="1">0</subfield>
    <subfield code="2">lcc</subfield>
    <subfield code="4">0</subfield>
    <subfield code="7">0</subfield>
    <subfield code="a">LIC-037</subfield>
    <subfield code="b">LIC-037</subfield>
    <subfield code="c">GENERAL</subfield>
    <subfield code="d">2018-05-14</subfield>
    <subfield code="f">1a ed.</subfield>
    <subfield code="h">[V:34]</subfield>
    <subfield code="k">EH</subfield>
    <subfield code="o">ML2110 I58 1982</subfield>
    <subfield code="p">BBA000002248</subfield>
    <subfield code="r">2018-05-14 00:00:00</subfield>
    <subfield code="t">1</subfield>
    <subfield code="y">LIB</subfield>
  </datafield>
  <datafield tag="952" ind1=" " ind2=" ">
    <subfield code="1">0</subfield>
    <subfield code="2">lcc</subfield>
    <subfield code="4">0</subfield>
    <subfield code="7">0</subfield>
    <subfield code="a">LIC-037</subfield>
    <subfield code="b">LIC-037</subfield>
    <subfield code="c">GENERAL</subfield>
    <subfield code="d">2018-05-14</subfield>
    <subfield code="f">1a ed.</subfield>
    <subfield code="h">[V. 12]</subfield>
    <subfield code="k">EH</subfield>
    <subfield code="o">ML2110 I58 1982</subfield>
    <subfield code="p">BBA000002249</subfield>
    <subfield code="r">2018-05-14 00:00:00</subfield>
    <subfield code="t">1</subfield>
    <subfield code="y">LIB</subfield>
  </datafield>
  <datafield tag="952" ind1=" " ind2=" ">
    <subfield code="1">0</subfield>
    <subfield code="2">lcc</subfield>
    <subfield code="4">0</subfield>
    <subfield code="7">0</subfield>
    <subfield code="a">LIC-037</subfield>
    <subfield code="b">LIC-037</subfield>
    <subfield code="c">GENERAL</subfield>
    <subfield code="d">2018-05-14</subfield>
    <subfield code="e">DON</subfield>
    <subfield code="f">1a ed.</subfield>
    <subfield code="h">[V. 2]</subfield>
    <subfield code="k">EH</subfield>
    <subfield code="o">ML2110 I58 1982</subfield>
    <subfield code="p">BBA000002250</subfield>
    <subfield code="r">2018-05-14 00:00:00</subfield>
    <subfield code="t">1</subfield>
    <subfield code="y">LIB</subfield>
  </datafield>
  <datafield tag="952" ind1=" " ind2=" ">
    <subfield code="1">0</subfield>
    <subfield code="2">lcc</subfield>
    <subfield code="4">0</subfield>
    <subfield code="7">0</subfield>
    <subfield code="a">LIC-037</subfield>
    <subfield code="b">LIC-037</subfield>
    <subfield code="c">GENERAL</subfield>
    <subfield code="d">2018-05-14</subfield>
    <subfield code="f">1a ed.</subfield>
    <subfield code="h">[V. 2]</subfield>
    <subfield code="k">EH</subfield>
    <subfield code="o">ML2110 I58 1982</subfield>
    <subfield code="p">BBA000002251</subfield>
    <subfield code="r">2018-05-14 00:00:00</subfield>
    <subfield code="t">2</subfield>
    <subfield code="y">LIB</subfield>
  </datafield>
  <datafield tag="952" ind1=" " ind2=" ">
    <subfield code="1">0</subfield>
    <subfield code="2">lcc</subfield>
    <subfield code="4">0</subfield>
    <subfield code="7">0</subfield>
    <subfield code="a">LIC-037</subfield>
    <subfield code="b">LIC-037</subfield>
    <subfield code="c">GENERAL</subfield>
    <subfield code="d">2018-05-14</subfield>
    <subfield code="f">1a ed.</subfield>
    <subfield code="h">[V. 2]</subfield>
    <subfield code="k">EH</subfield>
    <subfield code="o">ML2110 I58 1982</subfield>
    <subfield code="p">BBA000002252</subfield>
    <subfield code="r">2018-05-14 00:00:00</subfield>
    <subfield code="t">3</subfield>
    <subfield code="y">LIB</subfield>
  </datafield>
</record>
